000 00245nam a2200109Ia 4500
008 220204s9999 xx 000 0 und d
082 _a82-3
_bSTO
100 _aStoker, Bram
245 0 _aDracula
260 _aEngland
_bPenguin
_c1979
942 _cBK
999 _c33227
_d33227